| 000 | 01001nac a22002411u 4500 | ||
|---|---|---|---|
| 003 | EG-ScBUE | ||
| 005 | 20221023095213.0 | ||
| 008 | 110112s1981 ua o f b 000 0 ara d | ||
| 017 | _a1981 / 3232 | ||
| 020 | _a97773451217 | ||
| 040 |
_aEG-ScBUE _bara _erda _cEG-ScBUE _dEG-ScBUE |
||
| 082 | 0 | 4 |
_a739.27 _bز ي ن _222 |
| 100 | 1 |
_aزين العابدين، علي، _eمؤلف. _921956 |
|
| 245 | 1 | 0 |
_aفن صياغة الحلي الشعبية النوبية / _cدكتور علي زين العابدين، أستاذ تصميم المعادن بكلية الفنون التطبيقية. |
| 264 | 1 |
_aالقاهرة : _bالهيئة المصرية العامة للكتاب، _c1981. |
|
| 300 |
_a439 صفحة : _bصور ؛ _c24 سم |
||
| 504 | _aيشتمل على إرجاعات ببليوجرافية. | ||
| 650 | 7 |
_aالحلي. _2BUEsh _921957 |
|
| 650 | 7 |
_aالصناعات اليدوية _xتعليم وتدريس. _2BUEsh _921958 |
|
| 653 | _bART | ||
| 655 | _vReading book | ||
| 942 |
_cBB _2ddc |
||
| 999 |
_c7708 _d7708 |
||